Départements Limitrophes de La Côte-d'Or - Statistiques

Statistiques générales
  • Ce quiz a été pris 77 fois
  • Le résultat moyen est 7 sur 7
Statistiques - réponses
Départements % Correct
Yonne
99%
Nièvre
97%
Jura
96%
Saône-et-Loire
96%
Haute-Saône
92%
Aube
89%
Haute-Marne
88%
Aucun quiz correspondant
Distribution des résultats
% des personnes avec chaque résultat
Percentile par nombre de réponses
Votre historique - résultats
Vous n’avez pas pris ce quiz